Statistics for US States Quiz - By Regions

Click here to take the quiz!

General Stats

  • This quiz has been taken 149 times
  • The average score is 36 of 50

Answers on the Map

Answers color-coded by a green-red scale on the quiz's map according to % correct below.
Loading ...
 

Answer Stats

State% Correct
California
92%
Washington
91%
Oregon
89%
Texas
87%
Alaska
85%
Maine
80%
Minnesota
80%
New York
79%
Montana
77%
North Dakota
77%
New Mexico
77%
Vermont
76%
South Dakota
76%
New Hampshire
76%
Wyoming
76%
Colorado
76%
Pennsylvania
75%
Massachusetts
75%
Michigan
75%
Oklahoma
73%
Florida
73%
Nebraska
73%
Rhode Island
72%
Connecticut
72%
Alabama
72%
Illinois
72%
Iowa
72%
Mississippi
69%
Indiana
69%
Louisiana
69%
Ohio
69%
Virginia
68%
West Virginia
67%
Wisconsin
67%
Arizona
65%
Utah
65%
Kansas
65%
New Jersey
64%
Maryland
64%
Georgia
63%
Delaware
61%
Hawaii
61%
Nevada
61%
South Carolina
60%
North Carolina
60%
Tennessee
59%
Idaho
59%
Arkansas
57%
Kentucky
56%
Missouri
53%

Score Distribution

Percentile by Number Answered

Percent of People with Each Score

Your Score History

You have not taken this quiz